000 00352nam a2200157Ia 4500
003 0STCL
008 150530s9999 xx 000 0 und d
040 _aSTCL
_cSTCL
100 _aYeung, R.
245 _aCoaching people
260 _bBetter yourself books
_c2003
546 _aEnglish
942 _2ddc
_cBK
999 _c2660
_d2660
005 20220125165318.0